|
|
|
|
| LEADER |
01058nam a2200301 a 4500 |
| 001 |
31358 |
| 003 |
BD-DhAAL |
| 005 |
20161004165709.0 |
| 008 |
161004s2011 nyu b 001 0 eng |
| 010 |
|
|
|a 2011013882
|
| 020 |
|
|
|a 9780307592934 (alk. paper)
|
| 040 |
|
|
|a DLC
|c DLC
|d DLC
|d BD-DhAAL
|
| 050 |
0 |
0 |
|a HV6773
|b .G54 2011
|
| 082 |
0 |
0 |
|a 364.168
|2 23
|
| 100 |
1 |
|
|a Glenny, Misha.
|9 20556
|
| 245 |
1 |
0 |
|a DarkMarket :
|b cyberthieves, cybercops, and you /
|c by Misha Glenny.
|
| 246 |
1 |
0 |
|a Dark market
|
| 260 |
|
|
|a New York, NY :
|b Alfred A. Knopf,
|c c2011.
|
| 300 |
|
|
|a 296 pages ;
|c 25 cm.
|
| 504 |
|
|
|a Includes bibliographical references and index.
|
| 526 |
|
|
|a BIGD
|
| 541 |
|
|
|e 31358
|
| 650 |
|
0 |
|a Computer crimes.
|9 20557
|
| 650 |
|
0 |
|a Computer crimes
|x Prevention.
|9 20558
|
| 650 |
|
0 |
|a Organized crime
|x Government policy.
|9 20559
|
| 942 |
|
|
|2 ddc
|c BK
|
| 999 |
|
|
|c 37819
|d 37819
|
| 952 |
|
|
|0 0
|1 0
|2 ddc
|4 0
|6 364_168000000000000_GLE
|7 0
|9 59654
|a IGS
|b IGS
|c PROC
|d 2016-09-25
|e Trim Education
|g 1407.00
|l 0
|o 364.168 GLE
|p 3010031358
|r 2016-10-01
|t 1
|v 1407.00
|w 2016-09-25
|y BK
|